000
00251nam a2200097Ia 4500
001
694763
005
20250826161939.0
008
250824s9999 xx 000 0 und d
245
0
_a
ŞAPKAM DOLU ÇİCEKLE
_c
CEMAL SÜREYYA
260
_b
YAPI KREDİ YAYINLARI
999
_c
694763
_d
694763